000 01349cam a2200325 i 4500
001 20708474
003 OSt
005 20260319142043.0
008 181016s2018 inu b 000 0 eng
010 _a 2018049605
020 _a9781632573223
035 _a20708474
040 _aDLC
_beng
_cDLC
_erda
_dDLC
042 _apcc
050 0 0 _aBV4011.3
_b.H69 2018
082 0 0 _a253/.2
_223
100 1 _aHoward, Denny,
_d1955-
_eauthor.
245 1 0 _aAt full strength :
_bnavigating the risks all pastors face : the complete survival guide for those who serve in ministry and other caregiving vocations /
_cDenny Howard, LMHC, LMFT, Licensed Clinical Counselor, with Hugh White, MDiv.
264 1 _aIndianapolis, Indiana :
_bWesleyan Publishing House,
_c[2018]
300 _a320 pages ;
_c22 cm
336 _atext
_btxt
_2rdacontent
337 _aunmediated
_bn
_2rdamedia
338 _avolume
_bnc
_2rdacarrier
504 _aIncludes bibliographical references.
650 0 _aPastoral theology.
776 0 8 _iOnline version:
_aHoward, Denny, 1955- author.
_tAt full strength
_dIndianapolis : Wesleyan Publishing House, 2019
_z9781632573230
_w(DLC) 2018050413
906 _a7
_bcbc
_corignew
_d1
_eecip
_f20
_gy-gencatlg
942 _2lcc
_cBK
999 _c21573
_d21572